000 00586nam a22001937a 4500
003 koha_MIRAKIL
005 20250416125550.0
008 250416b tur||||| |||| 00| 0 tur d
020 _a9786057199515
040 _aTR-IsEVY
_btur
_cTR-IsEVY
082 _a690 FAB/B
100 _aFaber, Polly
245 0 _aBir ev yapmak /
_cPolly Faber ; resimleyen Klas Fahlen.
260 _aİstanbul :
_bFibula ,
_c2022.
300 _a32 s. :
_brenkli resimli ;
_c29 cm.
650 _aİnşaat.
_vBina Yapımı.
_vEvler.
_vMühendislik.
700 1 _aFahlen, Klas.
_cresimleyen.
942 _2ddc
_cBK
999 _c21829
_d21829